000
00253nam a2200109Ia 4500
008
190216s9999||||xx |||||||||||||| ||und||
100
_a
Kapoor N D
245
0
_a
Elements Of Company Law
260
_b
Sulthan Chand&Sons
650
_a
Commerce
942
_c
BK
999
_c
4178
_d
4178